[Event "XL C.to Italiano"]
[Site "Napoli ITA"]
[Date "1981.03.??"]
[Round "1"]
[White "Bonfa', Ileano"]
[Black "Trabattoni, Franco"]
[Result "1-0"]
[WhiteElo "2240"]
[BlackElo "2330"]
[PlyCount "55"]
[EventDate "1981.03.14"]

1. c4 Nf6 2. Nc3 e6 3. e4 d5 4. e5 Ne4 5. Nf3 Nxc3 6. bxc3 Be7 7. d4 O-O 8. Bd3
dxc4 9. Bxc4 b6 10. O-O Bb7 11. Qe2 Nc6 12. Rd1 Na5 13. Bd3 Qd7 14. Ng5 h6 15.
Nh7 Rfe8 16. Qg4 Kh8 17. Qh5 Qd5 18. f3 f5 19. Nf6 gxf6 20. Qxh6+ Kg8 21. Qg6+
Kh8 22. Qh5+ Kg8 23. Bh6 Bf8 24. Qg6+ Kh8 25. exf6 Qd7 26. f7 Qxf7 27. Qxf7
Bxh6 28. Re1 1-0

[Event "XL C.to Italiano"]
[Site "Napoli ITA"]
[Date "1981.03.??"]
[Round "1"]
[White "Bruno, Fabio"]
[Black "Sanna, Gianlazzaro"]
[Result "1/2-1/2"]
[WhiteElo "2265"]
[BlackElo "2335"]
[PlyCount "45"]
[EventDate "1981.03.14"]

1. Nf3 Nf6 2. g3 b6 3. Bg2 Bb7 4. O-O e6 5. d3 d5 6. Nbd2 Be7 7. e4 dxe4 8. Ng5
c5 9. Ngxe4 Nxe4 10. Nxe4 Nc6 11. Be3 O-O 12. Qd2 Qd7 13. Rfe1 Rad8 14. Rad1 h6
15. f4 Rfe8 16. Qf2 f5 17. Nd2 Bf6 18. Nc4 Ba6 19. b3 Bxc4 20. bxc4 Bc3 21. Bd2
Bd4 22. Be3 Bc3 23. Bd2 1/2-1/2

[Event "XL C.to Italiano"]
[Site "Napoli ITA"]
[Date "1981.03.??"]
[Round "1"]
[White "Iannaccone, Ernesto"]
[Black "Messa, Roberto"]
[Result "1/2-1/2"]
[WhiteElo "2270"]
[BlackElo "2300"]
[PlyCount "81"]
[EventDate "1981.03.14"]

1. Nf3 e6 2. c4 d5 3. d4 c5 4. cxd5 exd5 5. Nc3 Nc6 6. g3 Nf6 7. Bg2 Be7 8. O-O
O-O 9. dxc5 Bxc5 10. Bg5 Be6 11. Bxf6 Qxf6 12. Nxd5 Qxb2 13. Nc7 Rad8 14. Qc1
Qxc1 15. Raxc1 b6 16. Nxe6 fxe6 17. e3 h6 18. Rfd1 Nb4 19. Ne5 Nxa2 20. Rxd8
Nxc1 21. Rd7 a5 22. Bf1 a4 23. Ra7 b5 24. Ra6 Rf5 25. Nd3 Ba3 26. e4 Rh5 27.
Ra5 Kf7 28. Nf4 Rg5 29. h4 Re5 30. Bxb5 Bc5 31. Rxa4 Bxf2+ 32. Kxf2 Rxb5 33.
Ra7+ Kf6 34. Ra6 Re5 35. Kf3 g5 36. Nd5+ Kg6 37. hxg5 hxg5 38. Rb6 Kf7 39. Ne3
Nd3 40. Ng4 Rc5 41. Ke3 1/2-1/2

[Event "XL C.to Italiano"]
[Site "Napoli ITA"]
[Date "1981.03.??"]
[Round "1"]
[White "Ianniello, Riccardo"]
[Black "Cocchi, Andrea"]
[Result "0-1"]
[WhiteElo "2285"]
[BlackElo "2245"]
[PlyCount "118"]
[EventDate "1981.03.14"]

1. e4 c5 2. Nf3 e6 3. Be2 Nc6 4. O-O Nf6 5. Nc3 d6 6. d4 cxd4 7. Nxd4 Be7 8.
Nxc6 bxc6 9. Bf4 Qc7 10. Bg3 O-O 11. Qd2 e5 12. f4 exf4 13. Bxf4 Ng4 14. Nd1
Ne5 15. c4 Be6 16. Rc1 Rad8 17. Ne3 Qb6 18. Kh1 Ng6 19. Nf5 Bxf5 20. Be3 Qc7
21. exf5 Ne5 22. Bf4 Bf6 23. b3 Rfe8 24. Bf3 Qb6 25. h3 d5 26. Bxe5 Rxe5 27.
cxd5 cxd5 28. Qc2 h6 29. Rfe1 Qb4 30. Rf1 Qh4 31. Qc7 Rxf5 32. Qxa7 d4 33. Bg4
Rxf1+ 34. Rxf1 Qg3 35. Qb6 Rf8 36. Rxf6 Qe1+ 37. Kh2 Qe5+ 38. Kg1 Qxf6 39. Qxf6
gxf6 40. Kf2 Re8 41. Be2 Kf8 42. a4 Re3 43. Bc4 Ke7 44. a5 Kd6 45. b4 Ra3 46.
a6 Ra4 47. Bxf7 Rxb4 48. Bg6 Rb3 49. Be4 Ra3 50. Bb7 Kc5 51. h4 Kc4 52. g4 Kc3
53. Kf3 d3 54. Kf4 d2 55. Bf3 Kc2 56. Be2 Rxa6 57. Kf5 Ra1 58. Kg6 Re1 59. Bb5
Re4 0-1

[Event "XL C.to Italiano"]
[Site "Napoli ITA"]
[Date "1981.03.??"]
[Round "1"]
[White "Martorelli, Antonio"]
[Black "Passerotti, Pierluigi"]
[Result "1-0"]
[WhiteElo "2320"]
[BlackElo "2320"]
[PlyCount "37"]
[EventDate "1981.03.14"]

1. e4 e5 2. Nf3 Nc6 3. d4 exd4 4. c3 dxc3 5. Bc4 cxb2 6. Bxb2 d5 7. exd5 Na5 8.
O-O Nxc4 9. Re1+ Be6 10. Qa4+ c6 11. dxe6 b5 12. exf7+ Kxf7 13. Qb3 Nf6 14.
Nbd2 Be7 15. Rad1 Nd5 16. Nxc4 bxc4 17. Ne5+ Kf8 18. Qf3+ Bf6 19. Ba3+ 1-0

[Event "XL C.to Italiano"]
[Site "Napoli ITA"]
[Date "1981.03.??"]
[Round "1"]
[White "Rupeni, Franco"]
[Black "Toth, Bela"]
[Result "0-1"]
[WhiteElo "2205"]
[BlackElo "2420"]
[PlyCount "46"]
[EventDate "1981.03.14"]

1. e4 c5 2. Nf3 d6 3. Bb5+ Nd7 4. O-O Ngf6 5. Re1 a6 6. Bf1 e6 7. c3 Be7 8. d4
O-O 9. e5 Nd5 10. exd6 Bxd6 11. c4 N5f6 12. Nc3 b6 13. dxc5 Bxc5 14. a3 Bb7 15.
b4 Be7 16. Bf4 Qc8 17. Nd4 Re8 18. Qd3 Bf8 19. Bg5 Qc7 20. Qh3 Rac8 21. Re3 g6
22. Bh6 Bxh6 23. Qxh6 Ng4 0-1

[Event "XL C.to Italiano"]
[Site "Napoli ITA"]
[Date "1981.03.??"]
[Round "1"]
[White "Sibilio, Mario"]
[Black "Ceschia, Ivano"]
[Result "1-0"]
[WhiteElo "2440"]
[BlackElo "2280"]
[PlyCount "83"]
[EventDate "1981.03.14"]

1. Nf3 Nf6 2. c4 g6 3. b3 Bg7 4. Bb2 d6 5. g3 e5 6. Bg2 O-O 7. O-O Nh5 8. Nc3
f5 9. d3 c6 10. Nd2 Be6 11. Rc1 a5 12. a3 Na6 13. Na4 Rb8 14. c5 d5 15. e4 fxe4
16. dxe4 d4 17. Nc4 Rc8 18. Qd2 Rc7 19. Nxa5 Bf6 20. Qd3 Bg5 21. Rc2 Rcf7 22.
Nc4 Bxc4 23. Qxc4 d3 24. Rc3 d2 25. Rd3 Qe7 26. Bh3 Ng7 27. f4 Rd8 28. Rxd8+
Qxd8 29. fxg5 Nf5 30. exf5 d1=Q 31. fxg6 Qxf1+ 32. Bxf1 hxg6 33. Qe4 Rf5 34.
Bc4+ Kf8 35. Qe2 Qxg5 36. b4 Nc7 37. Nc3 Qd8 38. Ne4 Nd5 39. Nd6 Rg5 40. Bxd5
cxd5 41. Bc1 Rh5 42. g4 1-0

[Event "XL C.to Italiano"]
[Site "Napoli ITA"]
[Date "1981.03.??"]
[Round "1"]
[White "Tatai, Stefano"]
[Black "Pantaleoni, Claudio"]
[Result "1-0"]
[WhiteElo "2420"]
[BlackElo "2190"]
[PlyCount "69"]
[EventDate "1981.03.14"]

1. d4 Nf6 2. c4 g6 3. Nc3 Bg7 4. e4 O-O 5. f4 d6 6. Nf3 c5 7. d5 e6 8. dxe6
Bxe6 9. Bd3 Nc6 10. f5 Bd7 11. O-O Ne5 12. Nxe5 dxe5 13. Bg5 Bc6 14. Nd5 Bxd5
15. exd5 Qb6 16. Qc2 e4 17. Bxe4 Nxe4 18. Qxe4 Qxb2 19. Rad1 Rfe8 20. Qf3 Bd4+
21. Kh1 Qc2 22. d6 Qxc4 23. fxg6 hxg6 24. d7 Reb8 25. Rfe1 f6 26. Rxd4 cxd4 27.
Qxf6 Qf7 28. Qxd4 Rd8 29. Rd1 Qxa2 30. Bc1 Qf7 31. Bb2 Qh7 32. Qg4 a5 33. Bf6
Qf7 34. Qh4 Qh7 35. Bxd8 1-0

[Event "XL C.to Italiano"]
[Site "Napoli ITA"]
[Date "1981.03.??"]
[Round "1"]
[White "Taruffi, Daniele"]
[Black "Arlandi, Ennio"]
[Result "1-0"]
[WhiteElo "2325"]
[BlackElo "2365"]
[PlyCount "135"]
[EventDate "1981.03.14"]

1. e4 c5 2. c4 Nc6 3. Nc3 g6 4. g3 Bg7 5. Bg2 e6 6. Nge2 Nge7 7. O-O O-O 8. d3
d6 9. Rb1 b6 10. a3 Bb7 11. b4 Qd7 12. Bf4 h6 13. Nb5 e5 14. Bd2 Nd4 15. Nbxd4
exd4 16. Nf4 Rae8 17. Re1 Kh7 18. Nd5 Bxd5 19. exd5 h5 20. Be4 f5 21. Bg2 Ng8
22. Qc2 Bh6 23. f4 Nf6 24. Bf3 Kg7 25. bxc5 dxc5 26. Re5 Re7 27. Rxe7+ Qxe7 28.
Qa4 Qd7 29. Qxd7+ Nxd7 30. a4 Kf7 31. a5 Ke7 32. Kf2 Re8 33. Bd1 Kd6 34. Ba4
Rb8 35. Re1 Nf8 36. axb6 axb6 37. Bc6 Bg7 38. Ra1 Bf6 39. Ra7 Bd8 40. Kf3 Bc7
41. Ra1 Bd8 42. Re1 Be7 43. h3 Rc8 44. Re2 Rc7 45. Be8 Ra7 46. Bxg6 Nxg6 47.
Re6+ Kd7 48. Rxg6 Ra2 49. Ke2 b5 50. g4 hxg4 51. hxg4 bxc4 52. dxc4 fxg4 53.
Rxg4 Ra4 54. Kd3 Ra3+ 55. Ke4 Ra4 56. f5 Rxc4 57. Rg7 Ke8 58. Ke5 Rc2 59. Ke6
Rxd2 60. Rxe7+ Kf8 61. d6 Ra2 62. f6 d3 63. Rf7+ Kg8 64. d7 Ra8 65. Ke7 d2 66.
Rg7+ Kh8 67. Rg1 c4 68. f7 1-0

[Event "XL C.to Italiano"]
[Site "Napoli ITA"]
[Date "1981.03.??"]
[Round "1"]
[White "Vallifuoco, Giacomo"]
[Black "Sartori, Spartaco"]
[Result "1/2-1/2"]
[WhiteElo "2270"]
[BlackElo "2275"]
[PlyCount "35"]
[EventDate "1981.03.14"]

1. c4 g6 2. Nc3 Bg7 3. d4 d6 4. e4 e5 5. dxe5 dxe5 6. Qxd8+ Kxd8 7. f4 Nc6 8.
Nf3 Nd4 9. Bd3 Nxf3+ 10. gxf3 Ne7 11. fxe5 Bxe5 12. Be3 c6 13. O-O-O Kc7 14. f4
Bf6 15. h4 Bg4 16. Be2 h5 17. Bc5 Nc8 18. e5 1/2-1/2

[Event "XL C.to Italiano"]
[Site "Napoli ITA"]
[Date "1981.03.??"]
[Round "2"]
[White "Arlandi, Ennio"]
[Black "Passerotti, Pierluigi"]
[Result "1/2-1/2"]
[WhiteElo "2365"]
[BlackElo "2320"]
[PlyCount "137"]
[EventDate "1981.03.14"]

1. d4 d5 2. c4 e6 3. Nc3 Nf6 4. cxd5 exd5 5. Bg5 c6 6. Qc2 Be7 7. e3 Bg4 8. Bd3
Nbd7 9. Nge2 Nh5 10. Bxe7 Qxe7 11. h3 Bxe2 12. Nxe2 g6 13. g4 Ng7 14. h4 Nf6
15. Rg1 Ne6 16. O-O-O O-O-O 17. Kb1 Kb8 18. Rc1 Nd7 19. h5 Nf6 20. h6 Nd7 21.
Qb3 Rc8 22. f4 Qd6 23. Rc3 c5 24. Qa3 Rc7 25. f5 Ng5 26. Rgc1 Rhc8 27. fxg6
fxg6 28. Nf4 b6 29. Ba6 Rd8 30. dxc5 Nxc5 31. Bf1 Nge4 32. R3c2 d4 33. exd4
Qxd4 34. Nd3 Rdc8 35. Qb4 Qxb4 36. Nxb4 a5 37. Nd5 Rb7 38. Ba6 Rd7 39. Bxc8
Rxd5 40. Be6 Nxe6 41. Rc6 N6c5 42. Rxb6+ Ka7 43. Rb5 a4 44. b4 axb3 45. axb3
Ka6 46. Rb8 Rd3 47. Kb2 Ka7 48. Rb5 Rd2+ 49. Ka3 Na6 50. Re5 Nd6 51. Rf1 Kb6
52. Rf6 Nc7 53. b4 Ncb5+ 54. Kb3 Rd3+ 55. Kc2 Rd4 56. g5 Rxb4 57. Rxb5+ Rxb5
58. Rxd6+ Kc7 59. Rf6 Rxg5 60. Rf7+ Kd6 61. Rxh7 Ke6 62. Ra7 Kf6 63. Kd3 Re5
64. h7 Re8 65. Ra1 Kg7 66. Rh1 Rh8 67. Ke4 Rxh7 68. Rxh7+ Kxh7 69. Kf4 1/2-1/2

[Event "XL C.to Italiano"]
[Site "Napoli ITA"]
[Date "1981.03.??"]
[Round "2"]
[White "Bruno, Fabio"]
[Black "Tatai, Stefano"]
[Result "0-1"]
[WhiteElo "2265"]
[BlackElo "2420"]
[PlyCount "68"]
[EventDate "1981.03.14"]

1. Nf3 f5 2. g3 Nf6 3. Bg2 g6 4. c4 Bg7 5. Nc3 d6 6. O-O O-O 7. d3 a5 8. Bd2
Nc6 9. a3 e5 10. Rb1 h6 11. b4 axb4 12. axb4 g5 13. b5 Ne7 14. Ra1 Rxa1 15.
Qxa1 Kh8 16. Ne1 c6 17. Nc2 d5 18. bxc6 bxc6 19. cxd5 cxd5 20. d4 e4 21. Na4
Ng6 22. Nc5 f4 23. Qa5 Qe8 24. Bb4 Ne7 25. Ba3 Nf5 26. Qc7 Rg8 27. Rb1 fxg3 28.
hxg3 Ng4 29. e3 Qh5 30. Nb7 Qh2+ 31. Kf1 Nh4 32. Ne1 Nxg2 33. Nxg2 Qh1+ 34. Ke2
Qxb1 0-1

[Event "XL C.to Italiano"]
[Site "Napoli ITA"]
[Date "1981.03.??"]
[Round "2"]
[White "Ceschia, Ivano"]
[Black "Pantaleoni, Claudio"]
[Result "1/2-1/2"]
[WhiteElo "2280"]
[BlackElo "2190"]
[PlyCount "55"]
[EventDate "1981.03.14"]

1. e4 c5 2. Nf3 Nc6 3. d4 cxd4 4. Nxd4 g6 5. Nc3 Bg7 6. Be3 Nf6 7. Nb3 O-O 8.
Be2 a5 9. Nd5 Nxd5 10. exd5 a4 11. dxc6 axb3 12. axb3 Rxa1 13. Qxa1 bxc6 14.
O-O d5 15. Bc5 Re8 16. Qa4 Bd7 17. c3 e5 18. Qa7 Be6 19. Qb7 Qa8 20. Ba6 h5 21.
b4 d4 22. Qxa8 Rxa8 23. Bb7 Ra2 24. Bxc6 Rxb2 25. cxd4 exd4 26. Bb5 Bf8 27. Bd3
Rb3 28. Rd1 1/2-1/2

[Event "XL C.to Italiano"]
[Site "Napoli ITA"]
[Date "1981.03.??"]
[Round "2"]
[White "Cocchi, Andrea"]
[Black "Toth, Bela"]
[Result "1-0"]
[WhiteElo "2245"]
[BlackElo "2420"]
[PlyCount "79"]
[EventDate "1981.03.14"]

1. e4 c5 2. f4 Nc6 3. Nf3 e6 4. c3 d5 5. e5 d4 6. d3 Nge7 7. Nbd2 Nf5 8. Ne4 h5
9. Be2 Be7 10. O-O dxc3 11. bxc3 b6 12. Ne1 g6 13. Nc2 Bb7 14. Ne3 Ncd4 15. Rb1
Nxe2+ 16. Qxe2 Nxe3 17. Qxe3 Qd5 18. c4 Qc6 19. Bb2 O-O-O 20. Rf2 Rhe8 21. Nf6
Bxf6 22. exf6 Rd7 23. Be5 Red8 24. Rb3 Qa4 25. h3 h4 26. Kh2 Rh8 27. Rc2 Qc6
28. Ra3 Ba8 29. Rb2 Rh5 30. Rab3 Rd8 31. Ra3 Kb7 32. Ra5 Rc8 33. Rab5 Rhh8 34.
a4 Rhd8 35. a5 Rd7 36. axb6 axb6 37. Qd2 Rcd8 38. Qa5 Rd6 39. Bxd6 Rxd6 40. Ra2
1-0

[Event "XL C.to Italiano"]
[Site "Napoli ITA"]
[Date "1981.03.??"]
[Round "2"]
[White "Ianniello, Riccardo"]
[Black "Rupeni, Franco"]
[Result "1-0"]
[WhiteElo "2285"]
[BlackElo "2205"]
[PlyCount "58"]
[EventDate "1981.03.14"]

1. e4 e5 2. Nf3 Nc6 3. d4 exd4 4. Bc4 Be7 5. O-O Nf6 6. e5 Ne4 7. Bf4 d5 8.
exd6 Nxd6 9. Bd5 Bg4 10. h3 Bh5 11. Bxc6+ bxc6 12. g4 Bg6 13. Nxd4 Qd7 14. Nf3
f6 15. Nc3 h5 16. Nh4 Bh7 17. Ng2 hxg4 18. hxg4 Rb8 19. b3 g5 20. Be3 Rb4 21.
f3 f5 22. a3 fxg4 23. axb4 g3 24. Re1 Qh3 25. Rxa7 Bf5 26. Ra8+ Nc8 27. Kf1
Qh1+ 28. Bg1 Rh2 29. Qe2 Kd8 1-0

[Event "XL C.to Italiano"]
[Site "Napoli ITA"]
[Date "1981.03.??"]
[Round "2"]
[White "Messa, Roberto"]
[Black "Vallifuoco, Giacomo"]
[Result "0-1"]
[WhiteElo "2300"]
[BlackElo "2270"]
[PlyCount "86"]
[EventDate "1981.03.14"]

1. e4 c5 2. Nf3 d6 3. d4 cxd4 4. Nxd4 Nf6 5. Nc3 Nc6 6. Be2 e6 7. O-O Be7 8.
Be3 O-O 9. f4 Bd7 10. Kh1 Nxd4 11. Bxd4 Bc6 12. Bd3 d5 13. e5 Ne4 14. f5 exf5
15. Rxf5 g6 16. Rf1 Nc5 17. Be2 Ne6 18. Bf3 Qd7 19. Bg4 b6 20. Ne2 Bb5 21. c3
h5 22. Bh3 Qc6 23. Be3 Bxe2 24. Qxe2 Ng5 25. Bxg5 Bxg5 26. e6 f5 27. Bxf5 gxf5
28. Qxh5 Bf6 29. Rf3 Bg7 30. Re1 Rae8 31. Rh3 Rxe6 32. Qh7+ Kf7 33. Qxf5+ Ke7
34. Qg5+ Bf6 35. Rh7+ Kd8 36. Qg3 Rxe1+ 37. Qxe1 Re8 38. Qg3 Be5 39. Qh4+ Kc8
40. Rxa7 Bc7 41. Qf2 Kb8 42. Ra3 Qf6 43. Qg1 Bg3 0-1

[Event "XL C.to Italiano"]
[Site "Napoli ITA"]
[Date "1981.03.??"]
[Round "2"]
[White "Sanna, Gianlazzaro"]
[Black "Iannaccone, Ernesto"]
[Result "0-1"]
[WhiteElo "2335"]
[BlackElo "2270"]
[PlyCount "194"]
[EventDate "1981.03.14"]

1. c4 Nf6 2. Nf3 c5 3. Nc3 e6 4. g3 b6 5. Bg2 Bb7 6. O-O Be7 7. d4 cxd4 8. Qxd4
d6 9. b3 Nbd7 10. Bb2 O-O 11. e4 a6 12. Qe3 Qc7 13. Nd4 Rfe8 14. f4 Bf8 15. Qe2
Nc5 16. Rad1 Rad8 17. e5 dxe5 18. fxe5 Bxg2 19. Kxg2 Nfd7 20. Nf3 h6 21. b4 Nb7
22. a3 Nb8 23. Ne4 Rxd1 24. Rxd1 Rc8 25. Qe3 a5 26. Rd4 Nd7 27. Nf6+ gxf6 28.
Rg4+ Kh8 29. exf6 Nd6 30. Ng5 Qxc4 31. Rxc4 Rxc4 32. Nxf7+ Nxf7 33. Qxe6 Rc2+
34. Kf1 Ng5 35. Qxd7 Rxb2 36. Qe8 Nh7 37. bxa5 bxa5 38. Qa4 Ra2 39. Qxa5 Rxa3
40. Qf5 Ra6 41. Qe5 Rxf6+ 42. Kg2 Kg8 43. h4 Rf7 44. Qe6 Nf6 45. g4 Be7 46. g5
hxg5 47. hxg5 Nh5 48. Qg6+ Ng7 49. Qh6 Rf5 50. g6 Bf6 51. Qh7+ Kf8 52. Qh8+ Ke7
53. Qc8 Rg5+ 54. Kf3 Rxg6 55. Ke4 Kf7 56. Qd7+ Be7 57. Qh3 Rb6 58. Qf1+ Bf6 59.
Qd1 Rb4+ 60. Kd5 Rf4 61. Qd3 Nf5 62. Qb3 Rd4+ 63. Kc5+ Kg6 64. Qg8+ Ng7 65. Qb3
Rd8 66. Qb1+ Kf7 67. Qb7+ Ke6 68. Qe4+ Be5 69. Qg6+ Ke7 70. Qh7 Bf6 71. Kc6 Rd4
72. Qb1 Rd6+ 73. Kb5 Ne6 74. Qh7+ Bg7 75. Qh4+ Kd7 76. Qa4 Rc6 77. Qe4 Rc5+ 78.
Kb6 Be5 79. Qd3+ Ke7 80. Qa3 Bc7+ 81. Ka6 Kd8 82. Qh3 Re5 83. Kb7 Rb5+ 84. Ka6
Rb6+ 85. Ka7 Rd6 86. Qh8+ Kd7 87. Qh7+ Kc8 88. Qg8+ Bd8 89. Qg4 Kc7 90. Qc4+
Rc6 91. Qd5 Bf6 92. Qb5 Bd4+ 93. Ka8 Rb6 94. Qc4+ Bc5 95. Qb5 Kd8 96. Qc4 Nc7+
97. Ka7 Rb5+ 0-1

[Event "XL C.to Italiano"]
[Site "Napoli ITA"]
[Date "1981.03.??"]
[Round "2"]
[White "Trabattoni, Franco"]
[Black "Sartori, Spartaco"]
[Result "1/2-1/2"]
[WhiteElo "2330"]
[BlackElo "2275"]
[PlyCount "65"]
[EventDate "1981.03.14"]

1. d4 Nf6 2. c4 g6 3. Nc3 d5 4. cxd5 Nxd5 5. e4 Nxc3 6. bxc3 Bg7 7. Bc4 O-O 8.
Nf3 c5 9. Rb1 Nc6 10. d5 Bxc3+ 11. Bd2 Bxd2+ 12. Qxd2 Nd4 13. Nxd4 cxd4 14.
Qxd4 Qa5+ 15. Qd2 Qc7 16. Bb3 b6 17. O-O Bb7 18. Rbc1 Qd6 19. Rfe1 e5 20. f4
Rac8 21. f5 Rxc1 22. Rxc1 Rc8 23. Rxc8+ Bxc8 24. h4 Bd7 25. Qh6 a5 26. Kh2 b5
27. h5 a4 28. Bd1 b4 29. hxg6 hxg6 30. Bc2 Be8 31. Bd3 b3 32. axb3 axb3 33. Bb1
1/2-1/2

[Event "XL C.to Italiano"]
[Site "Napoli ITA"]
[Date "1981.03.??"]
[Round "3"]
[White "Iannaccone, Ernesto"]
[Black "Bonfa', Ileano"]
[Result "1/2-1/2"]
[WhiteElo "2270"]
[BlackElo "2240"]
[PlyCount "57"]
[EventDate "1981.03.14"]

1. Nf3 g6 2. c4 Nf6 3. g3 Bg7 4. Bg2 O-O 5. O-O d6 6. Nc3 Nc6 7. d4 a6 8. d5
Na5 9. Nd2 c5 10. Qc2 Rb8 11. b3 b5 12. Bb2 bxc4 13. bxc4 Bh6 14. f4 e5 15.
dxe6 Bxe6 16. Nd5 Rxb2 17. Qxb2 Bg7 18. Qa3 Nxc4 19. Nxc4 Nxd5 20. Rac1 Nc7 21.
Kh1 Qe7 22. Rfd1 Bxc4 23. Rxc4 Qxe2 24. Qd3 Qxd3 25. Rxd3 Rb8 26. Rb3 Rxb3 27.
axb3 Kf8 28. b4 Bd4 29. bxc5 1/2-1/2

[Event "XL C.to Italiano"]
[Site "Napoli ITA"]
[Date "1981.03.??"]
[Round "3"]
[White "Martorelli, Antonio"]
[Black "Vallifuoco, Giacomo"]
[Result "1/2-1/2"]
[WhiteElo "2320"]
[BlackElo "2270"]
[PlyCount "29"]
[EventDate "1981.03.14"]

1. d4 Nf6 2. c4 e6 3. Nf3 b6 4. Nc3 Bb7 5. a3 d5 6. cxd5 exd5 7. Bg5 Be7 8. e3
O-O 9. Rc1 Nbd7 10. Bb5 c6 11. Bd3 c5 12. dxc5 Nxc5 13. Be2 Ne6 14. Bh4 d4 15.
exd4 1/2-1/2

[Event "XL C.to Italiano"]
[Site "Napoli ITA"]
[Date "1981.03.??"]
[Round "3"]
[White "Messa, Roberto"]
[Black "Arlandi, Ennio"]
[Result "1/2-1/2"]
[WhiteElo "2300"]
[BlackElo "2365"]
[PlyCount "39"]
[EventDate "1981.03.14"]

1. e4 c5 2. Nf3 Nc6 3. d4 cxd4 4. Nxd4 Nf6 5. Nc3 e5 6. Ndb5 d6 7. Bg5 a6 8.
Bxf6 gxf6 9. Na3 b5 10. Nd5 f5 11. Nxb5 axb5 12. Bxb5 Bd7 13. exf5 Bg7 14. a4
Nd4 15. Bxd7+ Qxd7 16. c3 Qb7 17. Ne3 Bh6 18. cxd4 Bxe3 19. fxe3 Qxg2 20. Rf1
1/2-1/2

[Event "XL C.to Italiano"]
[Site "Napoli ITA"]
[Date "1981.03.??"]
[Round "3"]
[White "Pantaleoni, Claudio"]
[Black "Bruno, Fabio"]
[Result "0-1"]
[WhiteElo "2190"]
[BlackElo "2265"]
[PlyCount "64"]
[EventDate "1981.03.14"]

1. d4 Nf6 2. c4 e6 3. g3 d5 4. Nf3 c5 5. cxd5 exd5 6. Bg2 Nc6 7. Nc3 cxd4 8.
Nxd4 Bc5 9. Nb3 Bb4 10. O-O Be6 11. Bg5 Bxc3 12. bxc3 O-O 13. Rc1 Re8 14. e3
Ne5 15. Nd4 h6 16. Bf4 Ng6 17. Qb3 Qd7 18. Rfd1 Bh3 19. Bh1 Ne4 20. Nb5 Rad8
21. Bc7 Qf5 22. f3 Nc5 23. Qa3 Nd3 24. Ra1 Rd7 25. Nd4 Qf6 26. Rxd3 Rxc7 27. f4
Rce7 28. Re1 Nxf4 29. Rdd1 Rxe3 30. Rxe3 Rxe3 31. gxf4 Qxf4 32. Qc1 Rg3+ 0-1

[Event "XL C.to Italiano"]
[Site "Napoli ITA"]
[Date "1981.03.??"]
[Round "3"]
[White "Passerotti, Pierluigi"]
[Black "Rupeni, Franco"]
[Result "1/2-1/2"]
[WhiteElo "2320"]
[BlackElo "2205"]
[PlyCount "81"]
[EventDate "1981.03.14"]

1. e4 e5 2. Nf3 Nc6 3. d4 exd4 4. Nxd4 Bc5 5. Nb3 Bb6 6. Nc3 Qf6 7. Qe2 Nge7 8.
Be3 d6 9. O-O-O Be6 10. g3 h5 11. h3 O-O-O 12. Bg2 h4 13. Nd5 Bxd5 14. exd5 Ne5
15. Nd4 Nf5 16. Nxf5 Qxf5 17. g4 Qd7 18. f4 Nc4 19. Bxb6 Nxb6 20. b3 Rde8 21.
Qf2 Qb5 22. Rhe1 a5 23. Qd4 Rxe1 24. Rxe1 Re8 25. Rxe8+ Qxe8 26. Kd2 f6 27. Be4
Qb5 28. g5 Qf1 29. Bf5+ Kb8 30. gxf6 gxf6 31. Be6 a4 32. Qxf6 Qf2+ 33. Kd3 Qf3+
34. Kd2 Qf2+ 35. Kd3 Qf3+ 36. Kd2 Qf2+ 37. Kc3 Qe1+ 38. Kb2 Nc4+ 39. bxc4 Qb4+
40. Kc1 Qe1+ 41. Kb2 1/2-1/2

[Event "XL C.to Italiano"]
[Site "Napoli ITA"]
[Date "1981.03.??"]
[Round "3"]
[White "Sanna, Gianlazzaro"]
[Black "Taruffi, Daniele"]
[Result "1-0"]
[WhiteElo "2335"]
[BlackElo "2325"]
[PlyCount "135"]
[EventDate "1981.03.14"]

1. c4 e6 2. g3 d5 3. d4 Nf6 4. Bg2 c5 5. cxd5 exd5 6. Nf3 Nc6 7. O-O Be7 8.
dxc5 O-O 9. Nbd2 Bxc5 10. Nb3 Bb6 11. Nbd4 Re8 12. Be3 Bd7 13. Qd3 Na5 14. b3
Nc6 15. Rac1 Qe7 16. h3 Ne4 17. Nxc6 bxc6 18. Bxb6 axb6 19. Qc2 Ra3 20. e3 Qf6
21. Nd2 Nc5 22. Nb1 Ra7 23. Nc3 Bf5 24. Qd2 Qh6 25. g4 Be6 26. b4 Nd7 27. f4
Nf8 28. b5 c5 29. f5 Bd7 30. Rf4 Ra3 31. Nxd5 Bxb5 32. Qb2 Ra5 33. g5 Qd6 34.
f6 g6 35. Rd1 Qe5 36. Qxe5 Rxe5 37. Ne7+ Rxe7 38. fxe7 Ne6 39. Rd8+ Kg7 40. Bd5
Nxf4 41. exf4 Ra4 42. Rb8 Rxf4 43. Rxb6 Bd7 44. Rb7 Be8 45. Rb8 Bd7 46. e8=Q
Bxe8 47. Rxe8 Rd4 48. Bf3 c4 49. Re2 c3 50. Rc2 Rc4 51. Kf2 Rc5 52. Ke3 Re5+
53. Be4 Rxg5 54. Rxc3 Ra5 55. a3 f5 56. Bc6 Kf6 57. a4 Re5+ 58. Kf3 g5 59. Ra3
Rc5 60. Be8 Ke7 61. Bb5 Kd6 62. Bd3 Ra5 63. Bb5 Ra7 64. Rd3+ Kc5 65. Rd7 Rxd7
66. Bxd7 f4 67. Kg4 h6 68. Kh5 1-0

[Event "XL C.to Italiano"]
[Site "Napoli ITA"]
[Date "1981.03.??"]
[Round "3"]
[White "Sibilio, Mario"]
[Black "Ianniello, Riccardo"]
[Result "1-0"]
[WhiteElo "2440"]
[BlackElo "2285"]
[PlyCount "68"]
[EventDate "1981.03.14"]

1. Nf3 d5 2. b3 Nf6 3. Bb2 c5 4. e3 Nc6 5. Bb5 Bg4 6. h3 Bh5 7. g4 Bg6 8. Ne5
Qb6 9. Bxc6+ bxc6 10. h4 h6 11. d3 Nd7 12. Nxg6 fxg6 13. f4 O-O-O 14. Nd2 Re8
15. Nf3 e6 16. Qd2 Rg8 17. O-O-O Bd6 18. h5 gxh5 19. Rxh5 Ref8 20. g5 d4 21.
Kb1 hxg5 22. Nxg5 Nf6 23. Rh4 Nd5 24. Nxe6 dxe3 25. Qe2 Rf6 26. f5 Rxf5 27. c4
Rf2 28. Qg4 Rxb2+ 29. Kxb2 Be5+ 30. d4 cxd4 31. Nc5+ Kc7 32. Nd3 Qa5 33. cxd5
Qc3+ 34. Kb1 Rc8 1-0

[Event "XL C.to Italiano"]
[Site "Napoli ITA"]
[Date "1981.03.??"]
[Round "3"]
[White "Toth, Bela"]
[Black "Sartori, Spartaco"]
[Result "1-0"]
[WhiteElo "2420"]
[BlackElo "2275"]
[PlyCount "89"]
[EventDate "1981.03.14"]

1. d4 Nf6 2. c4 g6 3. Nc3 Bg7 4. e4 O-O 5. Nf3 d6 6. Be2 e5 7. O-O Nc6 8. d5
Ne7 9. Ne1 Nd7 10. Nd3 f5 11. Bd2 Nf6 12. f3 f4 13. c5 g5 14. Rc1 Ng6 15. cxd6
cxd6 16. Nb5 Rf7 17. Qc2 Ne8 18. a4 Bf8 19. Nf2 h5 20. a5 Rg7 21. h3 Nh4 22. b4
a6 23. Na3 g4 24. fxg4 Nf6 25. Be1 hxg4 26. Nxg4 Nxg4 27. Bxg4 Bxg4 28. hxg4
Rxg4 29. Bxh4 Qxh4 30. Rf3 Re8 31. Qf2 Qh5 32. Rcc3 Be7 33. Rh3 Bh4 34. Qe2 Qg5
35. Nc4 Bg3 36. Nxd6 Rh4 37. Nxe8 Rxh3 38. Nf6+ Kf7 39. Rc7+ Kxf6 40. gxh3 Bh2+
41. Kxh2 Qg3+ 42. Kh1 Qxh3+ 43. Kg1 f3 44. Qh2 Qg4+ 45. Kf1 1-0

[Event "XL C.to Italiano"]
[Site "Napoli ITA"]
[Date "1981.03.??"]
[Round "3"]
[White "Trabattoni, Franco"]
[Black "Ceschia, Ivano"]
[Result "0-1"]
[WhiteElo "2330"]
[BlackElo "2280"]
[PlyCount "110"]
[EventDate "1981.03.14"]

1. e4 c5 2. Nf3 d6 3. d4 cxd4 4. Nxd4 Nf6 5. Nc3 a6 6. Be2 e5 7. Nb3 Be6 8. f4
Qc7 9. a4 Be7 10. f5 Bc4 11. Bxc4 Qxc4 12. Qe2 Qxe2+ 13. Kxe2 Nbd7 14. Be3 Rc8
15. Kf3 h5 16. Rhd1 g6 17. fxg6 fxg6 18. Bg5 Rf8 19. Ke2 Rxc3 20. bxc3 Nxe4 21.
Bxe7 Kxe7 22. Ke3 Nxc3 23. Rd3 Rc8 24. Kd2 Nf6 25. a5 Ncd5 26. Re1 Rc4 27. Rd4
Rc3 28. Rd3 Rc8 29. g3 Kd7 30. Kc1 Nb4 31. Rd2 Rc4 32. Kb1 Nc6 33. Kb2 Ke6 34.
Rf2 Ne7 35. Rf4 Rc7 36. Rd4 Nf5 37. Rd2 Rc4 38. Rde2 g5 39. Nd2 Rb4+ 40. Ka3
Rb5 41. Nb3 e4 42. Rf2 e3 43. Rxf5 Kxf5 44. Nd4+ Ke4 45. Nxb5 axb5 46. Kb4 Nd7
47. Kxb5 Kf3 48. Kc4 Kf2 49. Rh1 Ne5+ 50. Kd5 e2 51. h4 g4 52. Rh2+ Kf3 53. Rh1
Kxg3 54. Kxd6 Nc4+ 55. Ke6 Kg2 0-1